| 000 | 01018nam a2200265 a 4500 | ||
|---|---|---|---|
| 001 | 25231 | ||
| 003 | CO-ViMGA | ||
| 005 | 20230915232048.0 | ||
| 008 | 141112s2004 ck r 000 u spa d | ||
| 020 | _a9788425224638 | ||
| 040 |
_aCO-ViMGA _bspa _cCO-ViMGA |
||
| 041 | _aspa eng | ||
| 043 | _an - us - - - | ||
| 090 | _aKLEh | ||
| 100 | 1 |
_aKlein, Leonore. _938434 |
|
| 245 | 1 | 0 |
_aHenri viaja a parís / _ctexto de Leonore Klein ; diseño e ilustraciones de Saul Bass ; traducción Álvaro Marcos. |
| 260 |
_aBarcelona : _bEditorial Gustavo Gili, _c2012. |
||
| 300 | _a[42] p. : il. ; 29 cm. | ||
| 650 | 1 | 4 |
_aCuentos infantiles estadounidenses. _9823 |
| 651 |
_aParís (Francia) - Descripciones y viajes - Cuentos infantiles. _938435 |
||
| 700 | 1 |
_aBass, Saul, il. _938436 |
|
| 942 |
_2ddc _cBK |
||
| 999 |
_c32857 _d32857 |
||